000 01047nam0a22002771 4500
001 rc\828343
005 20250622005327.0
035 _a(NLR Aleph) 006010510
090 _a7323437
_c7323437
100 _a20041129d1983 |||y0rusy50 ca
101 0 _arus
102 _aRU
105 _ay |||||||||
200 1 _aМетоды проверки правильности функционирования сетевых протоколов
_e(Препринт)
210 _aМ.
_cБ. и.
_d1983
215 _a66 с.
_d21
300 _aВ надзаг.: АН СССР, Науч. совет по комплекс. пробл. "Кибернетика"
320 _aБиблиогр.: с. 62-65 (53 назв.)
700 1 _aЗайцев
_bС. С.
_cканд. техн. наук, вычислит. техника
_gСергей Сергеевич
_9224259
_3RU\NLR\AUTH\770224315
701 1 _aМурадян
_bН.А.
801 0 _aRU
_bNLR
_gpsbo
801 1 _aRU
_bELAR
_2rusmarc
852 _aNLR
_j84-6/927
942 _cBOOK
980 _aNB